| 000 | 00623nam a22002297a 4500 | ||
|---|---|---|---|
| 005 | 20170124110052.0 | ||
| 010 | _aA-144043 | ||
| 020 |
_c00.00 _a0333270002 |
||
| 035 | _aA-144043 | ||
| 037 | _bCen Lib/Ret | ||
| 040 |
_aDPL _bEN |
||
| 082 |
_a651 _bBAI |
||
| 100 |
_aBailey, P. _925642 |
||
| 245 |
_aMastering office practice / _cby P.Bailey |
||
| 260 |
_aSutton _bThe Macmillan Press _c1982 |
||
| 270 |
_aSutton _bSutton |
||
| 300 |
_axiv,320p. _c20cm(Hb) |
||
| 500 | _aIncludes index | ||
| 650 |
_aMaster Practice _925643 |
||
| 650 |
_aOffice practice _925644 |
||
| 942 |
_2ddc _cEN _h651 _mBAI |
||
| 999 |
_c129177 _d129177 |
||